000 00879cam a22002891 4500
001 13680
003 BD-RjUL
005 20211208235508.0
008 140201s19601944enka b 001 0 eng
035 _a(BD-RjUL)13732
035 _a(OCoLC)1693462
040 _aDLC
_cFMU
_dOCoLC
_dUk
_dDLC
_beng
041 _aeng
082 _a621.38413382
_bJAW 1960
100 1 _aJackson, Leonard Cecil,
_d1900-
_942819
245 1 0 _aWave filters /
_cLeonard Cecil Jackson
250 _a[3d ed.]
260 _aLondon :
_bMethuen;
_aNew York :
_bWiley,
_cc1944[reprinting1960]
300 _avii, 107 p. :
_bdiagrs. ;
_c18 cm.
504 _aincludes index
650 0 _aElectric filters.
_939744
650 0 _aRadio
_xEquipment and supplies.
_942666
942 _2ddc
_cBK
999 _c13680
_d13680